| 000 | 00338nam a2200145Ia 4500 | ||
|---|---|---|---|
| 008 | 230312s9999||||xx |||||||||||||| ||und|| | ||
| 020 | _a3-936761-27-2 | ||
| 082 |
_a720.19 _bKEL-A |
||
| 100 | _aKelly; Cheng | ||
| 245 | 0 | _aAsian Apartments | |
| 260 |
_bFeierabend _aItley _c2003 |
||
| 300 | _a399 | ||
| 650 | _aArchitecture | ||
| 942 | _cBK | ||
| 999 |
_c11704 _d11704 |
||